Beyond the Loom (Record no. 8821)
[ view plain ]
| 000 -CABECERA | |
|---|---|
| campo de control de longitud fija | 01295nam a2200325 a 4500 |
| 001 - NÚMERO DE CONTROL | |
| campo de control | BRL_8 |
| 005 - FECHA Y HORA DE LA ÚLTIMA TRANSACCIÓN | |
| campo de control | 20190320210541.0 |
| 008 - DATOS DE LONGITUD FIJA--INFORMACIÓN GENERAL | |
| campo de control de longitud fija | 900205s1990 u--a#####b---#000-0#eng-# |
| 020 ## - NÚMERO INTERNACIONAL ESTÁNDAR DEL LIBRO | |
| Número Internacional Estándar del Libro | 1555660649 |
| 040 ## - FUENTE DE LA CATALOGACIÓN | |
| Centro catalogador/agencia de origen | DLC |
| Centro/agencia transcriptor | DLC |
| Centro/agencia modificador | DLC |
| 041 ## - CÓDIGO DE LENGUA | |
| Código de lengua del texto/banda sonora o título independiente | eng |
| 044 ## - CÓDIGO DEL PAÍS DE LA ENTIDAD EDITORA/PRODUCTORA | |
| Código MARC del país | u |
| 050 #4 - SIGNATURA TOPOGRÁFICA DE LA BIBLIOTECA DEL CONGRESO | |
| Número de clasificación | E99.N3 |
| Número de documento/Ítem | .H43 1990 |
| 100 1# - ENTRADA PRINCIPAL--NOMBRE DE PERSONA | |
| Nombre de persona | Hedlund, Ann Lane, |
| Fechas asociadas al nombre | 1952- |
| 9 (RLIN) | 22631 |
| 245 10 - MENCIÓN DE TÍTULO | |
| Título | Beyond the Loom |
| Resto del título | keys to understanding early Southwestern weaving |
| Mención de responsabilidad, etc. | Ann Lane Hedlund ; with an introduction and observations by Joe Ben Wheat ; Teresa Wilkins and Diana Leonard, editors. |
| 260 ## - PUBLICACIÓN, DISTRIBUCIÓN, ETC. | |
| Lugar de publicación, distribución, etc. | Estados Unidos |
| Nombre del editor, distribuidor, etc. | Johnson Books |
| Fecha de publicación, distribución, etc. | c1990 |
| 300 ## - DESCRIPCIÓN FÍSICA | |
| Extensión | xiii, 98 p. |
| Otras características físicas | il. (algunas a color) |
| Dimensiones | 23 cm. |
| 500 ## - NOTA GENERAL | |
| Nota general | Incluye dedicatoria para la Dra. Lechuga por parte de Gerardo Stilwell, 7 Septiembre, 1995 |
| 500 ## - NOTA GENERAL | |
| Nota general | Au29 |
| 504 ## - NOTA DE BIBLIOGRAFÍA, ETC. | |
| Nota de bibliografía, etc. | Incluye referencias bibliográficas |
| 610 24 - PUNTO DE ACCESO ADICIONAL DE MATERIA--NOMBRE DE ENTIDAD CORPORATIVA | |
| Nombre de entidad corporativa o nombre de jurisdicción como elemento de entrada | Universidad de Colorado (System) |
| Unidad subordinada | Museo |
| Subdivisión de forma | Catálogos |
| 9 (RLIN) | 22632 |
| 650 14 - PUNTO DE ACCESO ADICIONAL DE MATERIA--TÉRMINO DE MATERIA | |
| Término de materia o nombre geográfico como elemento de entrada | Navajos |
| Subdivisión de forma | Catálogos |
| Subdivisión general | Industria y fabricación de textiles |
| 9 (RLIN) | 22633 |
| 650 14 - PUNTO DE ACCESO ADICIONAL DE MATERIA--TÉRMINO DE MATERIA | |
| Término de materia o nombre geográfico como elemento de entrada | Pueblo indígena |
| Subdivisión de forma | Catálogos |
| Subdivisión general | Industria y fabricación de textiles |
| 9 (RLIN) | 22634 |
| 650 14 - PUNTO DE ACCESO ADICIONAL DE MATERIA--TÉRMINO DE MATERIA | |
| Término de materia o nombre geográfico como elemento de entrada | Tejeduría |
| Subdivisión de forma | Catálogos |
| Subdivisión geográfica | Suroeste |
| 9 (RLIN) | 22635 |
| 700 1# - PUNTO DE ACCESO ADICIONAL--NOMBRE DE PERSONA | |
| Nombre de persona | Wilkins, Teresa |
| Término indicativo de función/relación | ed. |
| 9 (RLIN) | 22636 |
| 700 1# - PUNTO DE ACCESO ADICIONAL--NOMBRE DE PERSONA | |
| Nombre de persona | Leonard, Diana |
| Término indicativo de función/relación | ed. |
| 9 (RLIN) | 22637 |
| 700 1# - PUNTO DE ACCESO ADICIONAL--NOMBRE DE PERSONA | |
| Nombre de persona | Wheat, Joe Ben |
| 9 (RLIN) | 22638 |
| 902 ## - CATALOGADOR | |
| Iniciales | GRL |
| 942 ## - ELEMENTOS DE PUNTO DE ACCESO ADICIONAL (KOHA) | |
| Fuente del sistema de clasificación o colocación | Library of Congress Classification |
| Tipo de ítem Koha | Libros |
| Estado de retiro | Estado de pérdida | Estado dañado | No para préstamo | Localización permanente | Ubicación/localización actual | Fecha de adquisición | Número de inventario | Total de préstamos | Signatura topográfica completa | Código de barras | Fecha visto por última vez | Precio válido a partir de | Tipo de ítem Koha |
|---|---|---|---|---|---|---|---|---|---|---|---|---|---|
| El ejemplar forma parte de la colección y puede ser consultado según las políticas vigentes. | Biblioteca Centro de Estudios Ruth D. Lechuga | Biblioteca Centro de Estudios Ruth D. Lechuga | 25/09/2012 | Au29 | E99.N3 .H43 1990 (Au29) | GRL00009 | 22/03/2019 | 22/03/2019 | Libros |